Logo BPK

Biblioteka

Politechniki Koszalińskiej

Communication research : (Rekord nr 41290)

Szczegóły MARC
000 -ETYKIETA REKORDU
podpole kontrolne o stałej długości 00668nam a2200217 i 4500
001 - NUMER KONTROLNY REKORDU
pole kontrolne bgj
020 ## - MIĘDZYNARODOWY ZNORMALIZOWANY NUMER KSIĄŻKI - ISBN
ISBN 0534055141 (pbk)
040 ## - ŹRÓDŁO KATALOGOWANIA
Instytucja, która utworzyła rekord BPK
041 0# - KOD JĘZYKA
Kod języka tekstu eng
920 ## - Międzynarodowy znormalizowany numer książki – ISBN
ISBN 0-534-05514-1 (pbk)
008 - POLE O STAŁEJ DŁUGOŚCI - DANE KONTROLNE
podpole kontrolne o stałej długości s uk f |000 0 eng
100 1# - NAZWA OSOBOWA
Nazwa osobowa RUBIN, Rebecca B.
245 10 - TYTUŁ/ODPOWIEDZIALNOŚĆ
Tytuł Communication research :
Ciąg dalszy tytułu strategies and sources /
Pozostałe elementy strefy tytułu i oznaczenia odpowiedzialności Rebecca B. Rubin, Alan M. Rubin, Linda J. Piele.
260 ## - STREFA ADRESU WYDAWNICZEGO
Miejsce wydania Belmont, Ca :
Nazwa wydawcy/dystrybutora Wadsworth Publ.,
Data publikacji, dystrybucji/powstania dokumentu cop. 1986.
300 ## - STREFA OPISU FIZYCZNEGO
Objętość XVIII, 233 pp ;
Rozmiary 23 cm.
505 ## - SFORMALIZOWANA UWAGA DOTYCZĄCA ZAWARTOŚCI
Pełny tekst uwagi Incl indexes : source p. 215, subject p. 229.
650 #9 - HASŁO PRZEDMIOTOWE W FORMIE NAZWY OGÓLNEJ LUB JEDNOSTKOWEJ
Nazwa ogólna lub geograficzna Communication
Określnik ogólny Research
700 1# - HASŁO DODATKOWE - NAZWA OSOBOWA
Nazwa osobowa RUBIN, Alan M.
700 1# - HASŁO DODATKOWE - NAZWA OSOBOWA
Nazwa osobowa PIELE, Linda J.
856 ## - LOKALIZACJA I DOSTĘP DO ELEKTRONICZNYCH DOKUMENTÓW ZDALNYCH
Link (URL) http://koha.tu.koszalin.pl/cgi-bin/koha/opac-detail.pl?biblionumber=41290
Tekst linku Katalog online BPK
942 ## - DODATKOWE ELEMENTY (KOHA)
Typ dokumentu Książka
Egzemplarze
Wycofany Status egzemplarza Uszkodzony Dostępność Lokalizacja stała Lokalizacja bieżąca Miejsce przechowywania Sygnatura Kod kreskowy Typ dokumentu Ostatnio wypożyczono
      Dostępny Biblioteka Politechniki Koszalińskiej Biblioteka Politechniki Koszalińskiej Wypożyczalnia Językowa KA 1545 09013698 Książka  
      Dostępny Biblioteka Politechniki Koszalińskiej Biblioteka Politechniki Koszalińskiej Wypożyczalnia Językowa KA 1546 09013711 Książka 29.10.2014
      Dostępny Biblioteka Politechniki Koszalińskiej Biblioteka Politechniki Koszalińskiej Wypożyczalnia Językowa KA 1547 09013728 Książka  
      Dostępny Biblioteka Politechniki Koszalińskiej Biblioteka Politechniki Koszalińskiej Wypożyczalnia Językowa KA 1548 09013735 Książka  
      Dostępny Biblioteka Politechniki Koszalińskiej Biblioteka Politechniki Koszalińskiej Wypożyczalnia Językowa KA 1549 09013704 Książka  
© 2023 Biblioteka Politechniki Koszalińskiej :: KOHA